| 000 | 00629nam a2200205 a 4500 | ||
|---|---|---|---|
| 005 | 20240912063807.0 | ||
| 008 | 991125s1990 mad 000 0 spa u | ||
| 020 | _a847640428X | ||
| 035 | _aUPN01000009344 | ||
| 049 | _aI | ||
| 050 | 4 |
_aQM455 _bP3.2 |
|
| 100 | 1 | _aPanizon, Paola | |
| 245 | 1 | 2 |
_aÿ Cómo funciona nuestro cerebro? / _cPaola Panizon ; asesor Massimo Borroni ; il. Nicoletta Costa. |
| 260 |
_aMadrid : _bEdaf, _c1990. |
||
| 300 |
_a15 p. : _bil., col. + _erom. |
||
| 440 | 0 |
_aLibros para ver las cosas por dentro ; _v7 |
|
| 650 | 4 |
_aCEREBRO - _xANATOMIA _95945 |
|
| 650 | 2 |
_aCuerpo humano _99138 |
|
| 905 | _aInfantil | ||
| 999 |
_c9344 _d9344 |
||